| 000 | 00767nam a2200253 a 4500 | ||
|---|---|---|---|
| 001 | 000023950 | ||
| 005 | 20200930022608.0 | ||
| 008 | 110117s1997 sp r 000 j spa d | ||
| 040 |
_aDO-SdBNP _bspa _cBNPHU |
||
| 041 |
_aeng _hspa _2Código de idioma MARC |
||
| 082 |
_a823.914 _bQ4f |
||
| 100 | 1 |
_aQuinnell, A.J. _949268 |
|
| 240 | 0 |
_aThe mahdi _lespañol |
|
| 245 | 1 | 0 |
_aFalso profeta / _cA.J. Quinnell ; traducción de Alicia Steimberg. |
| 260 |
_aBarcelona : _bEmecé, _c1997. |
||
| 300 |
_a363 p. ; _c18 cm. |
||
| 490 | 1 |
_aTop Emecé _v70 |
|
| 534 |
_aTítulo original : _tThe mahdi |
||
| 650 | 4 |
_aNovela inglesa _91071 |
|
| 650 | 4 |
_aLiteratura inglesa _9498 |
|
| 700 | 1 |
_aSteimberg, Alicia _etr. _911203 |
|
| 830 | 0 |
_aTop Emecé; _v70 _949269 |
|
| 049 | _aBNGR | ||
| 999 |
_c23446 _d23446 |
||